000 00522nam a22001817a 4500
999 _c174652
_d174652
005 20200626152510.0
010 _aENG-128251
020 _c80.00
_a9788177355550
035 _aEN-111784
037 _bDBAD/PUB
082 _a005.432
100 _aRajathi,S
245 _aUnix Operating System and Shell Programming/
_cby S. Rajathi
260 _aChenni
_bPavai
_c2008
270 _a142,jani Jan Khan Road Rpyapettah
_bChenni
_e600014
300 _a134p.
_c23cm(pbk)
942 _2ddc
_cEN
_h005.432
_mRaj